| 000 | 00719nam a2200253 i 4500 | ||
|---|---|---|---|
| 003 | DO-SdBNP | ||
| 005 | 20260321073646.0 | ||
| 007 | ta | ||
| 008 | 240506b2000 dr ||||| |||| 00| 0 spa d | ||
| 040 |
_aDO-SdBNP _bspa _cBNPHU _erda |
||
| 082 | 4 |
_bL865a _222 |
|
| 100 | 1 |
_a Bosch, Juan, _d1909-2001 _eautora _976555 |
|
| 245 | 1 | 0 |
_aLas altagracianas / _cAna Mitila Lora |
| 264 |
_aSanto Domingo : _bRafael Bello Peguero, _c2000. |
||
| 300 |
_a41 paginas ; _c21 cm. |
||
| 336 |
_2rdacontent _atexto _btxt |
||
| 337 |
_2rdamedia _asin mediación _bn |
||
| 338 |
_2rdacarrier _avolumen _bnc |
||
| 590 | _aInventariado, 2024/DG | ||
| 650 | 0 |
_aPolítica mundial _91785 |
|
| 910 | _aDG | ||
| 942 |
_2ddc _cLF2 |
||
| 956 | _aVMateo | ||
| 999 |
_c56604 _d56604 |
||